LEADER 01012nam a2200253 i 4500 001 000000152938 003 CaOOAMICUS 005 20250911101636.0 008 060906s1988 it u000 u ita u 013 $a130279 040 $aSeMil$bita 245 10$aDroga e aids :$bcredere nella speranza. 260 $aMilano :$bCircolo culturale Carlo Perini,$c1988. 300 $a245 p. :$bill. ;$c21 cm. 490 0 $aIl quaderno ;$v12 650 4$aAIDS - Conferenze - Milano - 1987.$0(OLS)http://semarc/subject/29850 650 4$aDroga - Milano - Conferenze - 1987.$0(OLS)http://semarc/subject/29851 830 3$aIl quaderno ;$v12.$0(OLS)http://semarc/title/21575 850 $aSeMil 852 $aSeMil$W1$xVenegono$y1$m3XK III 3$j104882$B104882$CSeMilBibl$Z2$F116152 $81 961 $aRecupero: Altro 996 $6245$aDroga e aids :$bcredere nella speranza$9(OLS)http://semarc/title/223690 996 $6260$aMilano :$bCircolo culturale Carlo Perini$9(OLS)http://semarc/publisher/34370 LEADER 00959nam a2200241 i 4500 001 000000061813 003 CaOOAMICUS 005 20121121000000.0 008 121121s1930 it u000 u ita u 013 $a32985 040 $aSeMil$bita 100 1 $aCiaburri, Gennaro.$0(OLS)http://semarc/name/31405 245 13$aLa vivisezione /$cdott. Gennaro Ciaburri. 260 $aTorino :$bFratelli Bocca,$c1930 (stampa 1929) 300 $aXVI, 306 p. :$bill. ;$c21 cm. 490 0 $aPiccola biblioteca di scienze moderne ;$v372 500 $aCon dedica autografa. 650 4$aVivisezione.$0(OLS)http://semarc/subject/12242 830 0$aPiccola biblioteca di scienze moderne ;$v372.$0(OLS)http://semarc/title/9145 850 $aSeMil 852 $aSeMil$W1$xVenegono$y1$m2L II 33$j27966$B27966$CSeMilBibl$Z2$F27969 $81 996 $6245$aLa vivisezione$9(OLS)http://semarc/title/97225 996 $6260$aTorino :$bFratelli Bocca$9(OLS)http://semarc/publisher/31876